00535 2200217 4500001002100000008004100021035002000062245006400082100002900146250000600175260002700181300001200208084001400220082000800234650001400242990001200256990001200268990001200280990001300292990001200305INLIS000000000000447 ind  a0010-0424000423 aKamus Lengkap Inggris - IndonesiacProf. Drs. S. Wojowasito aProf. Drs. S. Wojowasito a1 aJakarta :bHastac2007 a329 hlm a423 WOJ k a423 aReferensi a0722592 a0714463 a0714456 a07152712 a0714464